[Event "GBR-ch U16 106th"]
[Site "Torquay"]
[Date "2019.07.28"]
[Round "1"]
[White "Sanitt, Leo"]
[Black "Miller, Max C"]
[Result "1-0"]
[WhiteElo "1846"]
[BlackElo "1562"]
[PlyCount "45"]
[EventDate "2019.07.28"]
[EventType "swiss"]
[EventRounds "7"]
[EventCountry "ENG"]
[SourceTitle "EXT 2020"]
[Source "ChessBase"]
[SourceDate "2019.10.17"]
[SourceVersion "1"]
[SourceVersionDate "2019.10.17"]
[SourceQuality "1"]

1. e4 c5 2. Nf3 Nc6 3. Bb5 e6 4. 0-0 Nge7 5. Re1 d6 6. c3 a6 7. Bf1 d5 8. d4 cxd4 9. cxd4 dxe4 10. Rxe4 Nd5 11. Nc3 Be7 12. Ne5 Nxe5 13. dxe5 Nxc3 14. Qxd8+ Bxd8 15. bxc3 b6 16. Be3 Bb7 17. Rb4 b5 18. c4 Be7 19. Rb3 b4 20. a3 a5 21. axb4 Bxb4 22. Bb6 Bc8 23. Rxb4 1-0

[Event "BCF-chT4S 1819 (4NCL)"]
[Site "England"]
[Date "2019.02.09"]
[Round "5.96"]
[White "Miller, Max C"]
[Black "Rumsby, Stephen"]
[Result "0-1"]
[WhiteElo "1697"]
[BlackElo "1605"]
[PlyCount "64"]
[EventDate "2018.11.17"]
[EventType "team-swiss"]
[EventRounds "11"]
[EventCountry "ENG"]
[SourceTitle "EXT 2021"]
[Source "ChessBase"]
[SourceDate "2020.10.23"]
[SourceVersion "1"]
[SourceVersionDate "2020.10.23"]
[SourceQuality "1"]
[WhiteTeam "MK Phoenix II"]
[BlackTeam "Banbury Bulldogs"]
[WhiteTeamCountry "ENG"]
[BlackTeamCountry "ENG"]

1. d4 Nf6 2. Nf3 g6 3. c4 Bg7 4. Nc3 d6 5. e4 0-0 6. h3 e5 7. d5 Nbd7 8. b4 a5 9. Ba3 b6 10. Be2 axb4 11. Bxb4 Nc5 12. Bxc5 bxc5 13. Qc2 Nh5 14. Ng1 Nf4 15. g3 Nxe2 16. Ngxe2 f5 17. a4 f4 18. g4 Qh4 19. Nb5 Rf7 20. a5 Bxg4 21. a6 Bxe2 22. Qxe2 f3 23. Qc2 g5 24. a7 g4 25. 0-0-0 g3 26. fxg3 Qxg3 27. Rdg1 Qf4+ 28. Kb1 f2 29. Rf1 Qg3 30. Qa2 Rf3 31. Nxc7 Rb3+ 32. Kc1 Bh6+ 0-1

[Event "ENG Terafinal Challengers-B"]
[Site "Daventry"]
[Date "2017.08.13"]
[Round "4"]
[White "Lokwani, Lakshya"]
[Black "Miller, Max C"]
[Result "0-1"]
[WhiteElo "103"]
[BlackElo "134"]
[PlyCount "98"]
[EventDate "2017.08.12"]
[EventType "swiss"]
[EventRounds "6"]
[EventCountry "ENG"]
[SourceTitle "CBM 179 Extra"]
[Source "ChessBase"]
[SourceDate "2017.08.23"]
[SourceVersion "1"]
[SourceVersionDate "2017.08.23"]
[SourceQuality "1"]

1. e4 c5 2. Nf3 Nc6 3. d4 cxd4 4. Nxd4 Nf6 5. Nc3 e5 6. Nf3 Bb4 7. Bd3 Bxc3+ 8. bxc3 0-0 9. Bg5 d6 10. 0-0 Bg4 11. Be2 Bxf3 12. Bxf3 h6 13. Bh4 Rc8 14. Qd3 g5 15. Bg3 Qe7 16. Qe3 b6 17. Be2 Rfd8 18. Rad1 Na5 19. f3 Nh5 20. Rd5 Nxg3 21. hxg3 Nc4 22. Bxc4 Rxc4 23. Qd3 Qc7 24. Rd1 Rxc3 25. Qb5 Rxc2 26. Kh2 Rc6 27. Kh1 Kg7 28. f4 gxf4 29. gxf4 exf4 30. e5 Rc1 31. exd6 Rxd1+ 32. Rxd1 Qc5 33. Qd3 Qe3 34. Qd5 Qe6 35. Qd4+ Qf6 36. Qd5 Qh4+ 37. Kg1 Qg5 38. Qb7 Qc5+ 39. Kf1 Rxd6 40. Re1 Qc4+ 41. Kg1 Qd4+ 42. Kf1 Qd3+ 43. Kg1 Qd5 44. Qxa7 Rg6 45. Re2 Qd1+ 46. Kf2 Rxg2+ 47. Kxg2 Qxe2+ 48. Kg1 f3 49. Qxb6 Qg2# 0-1

[Event "ENG Terafinal Challengers-B"]
[Site "Daventry"]
[Date "2017.08.12"]
[Round "2"]
[White "Modhura, Urbi"]
[Black "Miller, Max C"]
[Result "0-1"]
[WhiteElo "101"]
[BlackElo "134"]
[PlyCount "108"]
[EventDate "2017.08.12"]
[EventType "swiss"]
[EventRounds "6"]
[EventCountry "ENG"]
[SourceTitle "CBM 179 Extra"]
[Source "ChessBase"]
[SourceDate "2017.08.23"]
[SourceVersion "1"]
[SourceVersionDate "2017.08.23"]
[SourceQuality "1"]

1. e4 c5 2. Nf3 Nc6 3. c3 Nf6 4. e5 Nd5 5. d4 cxd4 6. cxd4 d6 7. Bb5 Qa5+ 8. Nc3 Nxc3 9. Bxc6+ bxc6 10. Qd2 Bg4 11. Qxc3 Qxc3+ 12. bxc3 Bxf3 13. gxf3 d5 14. Rb1 e6 15. Rg1 g6 16. h4 Be7 17. Rh1 0-0 18. Bh6 Rfb8 19. Rd1 Rb2 20. a4 Ra2 21. a5 Rb8 22. Kf1 Rb3 23. Kg2 Rxa5 24. Kh3 Rxc3 25. Bd2 Rxf3+ 26. Kg2 Raa3 27. Be3 Rf5 28. Rb1 Rh5 29. Rh3 Ra5 30. Rb8+ Kg7 31. Rb7 Bxh4 32. Rf3 Rf5 33. Rh3 g5 34. Rc7 Ra6 35. Rb7 h6 36. Rc7 Kg6 37. Rc8 Kh7 38. Rc7 Kg7 39. Rb7 Ra1 40. Rc7 a5 41. Rxc6 a4 42. Ra6 a3 43. Rh1 Rxh1 44. Kxh1 Bxf2 45. Bxf2 Rxf2 46. Rxa3 Rd2 47. Ra4 g4 48. Kg1 g3 49. Ra3 Rxd4 50. Rxg3+ Kh7 51. Rf3 Kg6 52. Rf6+ Kg7 53. Kf2 Re4 54. Kf3 Rxe5 0-1

[Event "BCF-chT4S 1617 (4NCL)"]
[Site "England"]
[Date "2017.02.11"]
[Round "5.46"]
[White "Lovell, William Pm"]
[Black "Miller, Max C"]
[Result "1-0"]
[WhiteElo "1817"]
[BlackElo "1462"]
[PlyCount "101"]
[EventDate "2016.11.26"]
[EventType "team-swiss"]
[EventRounds "11"]
[EventCountry "ENG"]
[SourceTitle "EXT 2019"]
[Source "ChessBase"]
[SourceDate "2018.10.10"]
[SourceVersion "1"]
[SourceVersionDate "2018.10.10"]
[SourceQuality "1"]
[WhiteTeam "Wood Green II"]
[BlackTeam "MK Phoenix II"]
[WhiteTeamCountry "ENG"]
[BlackTeamCountry "ENG"]

1. d4 d5 2. Nf3 e6 3. c4 c5 4. cxd5 exd5 5. g3 Nc6 6. Nc3 Nf6 7. Bg5 Be7 8. dxc5 d4 9. Bxf6 Bxf6 10. Ne4 Be7 11. Qa4 Bf5 12. Nfd2 0-0 13. Bg2 Re8 14. 0-0 Rc8 15. Nb3 Bxe4 16. Bxe4 a6 17. Rfd1 Bf6 18. Bxc6 Rxc6 19. Nxd4 Bxd4 20. Rxd4 Qe7 21. e3 Qxc5 22. Rad1 g6 23. Rd5 Qc4 24. Qxc4 Rxc4 25. R1d4 Rc2 26. Rb4 Rb8 27. Rb6 Rc7 28. Rd4 Kf8 29. Rdb4 Ke8 30. Kg2 Kd7 31. Rxa6 bxa6 32. Rxb8 Rc6 33. Kf3 Rf6+ 34. Ke2 Kc7 35. Rb4 Rc6 36. Kd3 a5 37. Rc4 Rxc4 38. Kxc4 Kc6 39. a3 Kd6 40. f4 Ke6 41. e4 h6 42. b4 axb4 43. axb4 g5 44. Kc5 f5 45. e5 Kf7 46. b5 Kg6 47. e6 Kh5 48. e7 Kg4 49. e8Q Kh3 50. Qh5+ Kg2 51. fxg5 1-0

[Event "BCF-ch U13"]
[Site "Bournemouth"]
[Date "2016.08.03"]
[Round "5"]
[White "Remus Elliot, Tai"]
[Black "Miller, Max C"]
[Result "0-1"]
[WhiteElo "1390"]
[BlackElo "1420"]
[PlyCount "106"]
[EventDate "2016.07.31"]
[EventType "swiss"]
[EventRounds "7"]
[EventCountry "ENG"]
[SourceTitle "CBM 173 Extra"]
[Source "ChessBase"]
[SourceDate "2016.08.29"]
[SourceVersion "1"]
[SourceVersionDate "2016.08.29"]
[SourceQuality "1"]

1. d4 d5 2. c4 e6 3. Nc3 c5 4. cxd5 exd5 5. Nf3 Nc6 6. dxc5 d4 7. Na4 Bxc5 8. Nxc5 Qa5+ 9. Bd2 Qxc5 10. e3 Nf6 11. Rc1 Qe7 12. Bb5 dxe3 13. Bxe3 Qb4+ 14. Nd2 Qxb5 15. Nc4 0-0 16. 0-0 Qd5 17. Qa4 Ng4 18. Nb6 axb6 19. Qxa8 Nxe3 20. fxe3 Bh3 21. Qxf8+ Kxf8 22. gxh3 Qg5+ 23. Kf2 g6 24. Ke2 Qb5+ 25. Ke1 Qxb2 26. Rd1 Ke7 27. Rf2 Qc3+ 28. Rfd2 Ne5 29. Kf2 Qc6 30. e4 Qf6+ 31. Kg2 Qf3+ 32. Kg1 Qxh3 33. Rg2 Qe3+ 34. Kh1 Qf3 35. Rdd2 Nd3 36. Kg1 Qe3+ 37. Rdf2 Nxf2 38. Rxf2 Qxe4 39. Kf1 Qd3+ 40. Re2+ Kf6 41. Kf2 Qd4+ 42. Ke1 Qc3+ 43. Kf2 Kf5 44. Kf1 Qd3 45. Ke1 Qxe2+ 46. Kxe2 Ke4 47. h3 f5 48. Kd2 f4 49. a4 f3 50. h4 Kf4 51. Kd3 Kg3 52. Kc4 f2 53. Kb5 f1Q+ 0-1